| 000 | 00575nam a22002057a 4500 | ||
|---|---|---|---|
| 003 | OSt | ||
| 005 | 20250520101150.0 | ||
| 008 | 250520b |||||||| |||| 00| 0 eng d | ||
| 020 | _a9780077126841 | ||
| 040 | _aSEKU | ||
| 050 |
_aHD 62.5 _b.S5 2009 |
||
| 100 | _aHisrich, Robert D. | ||
| 245 |
_aEntrepreneurship : _bincluding IVEY case studies on Africa / _cRobert D. Hisrich. |
||
| 250 | _aAfrican edition | ||
| 260 |
_aLondon : _bMcGraw-Hill , _c2009. |
||
| 300 |
_a593 p. : _bill. |
||
| 600 | _2Hisrich, Robert D. | ||
| 650 | _2Entrepreneurship | ||
| 942 |
_2lcc _cGEN |
||
| 999 |
_c18554 _d18554 |
||